Christmas poems /

Bibliographic Details
Main Author: Drinkwater, John, 1882-1937
Other Authors: Shepard, Ernest H. (Ernest Howard), 1879-1976
Format: Book
Language:English
Published: London : Sidgwick & Jackson, ltd., 1931.
Subjects:

MARC

Tag First Indicator Second Indicator Subfields
LEADER 00000cam a2200000 4500
001 in00000480921
005 20151013060451.0
008 730904s1931 enka 00010 eng u
010 |a  33003118  
035 |a (OCoLC)00684760 
035 |9 ACC8015AM 
040 |c KSU  |d TXA  |d UtOrBLW 
049 |a TXAM  |c [1492598] 
050 0 0 |a PR6007.R5  |b C5 1931 
100 1 |a Drinkwater, John,  |d 1882-1937. 
245 1 0 |a Christmas poems /  |c by John Drinkwater; with illustrations in gravure by Ernest H. Shepard. 
264 1 |a London :  |b Sidgwick & Jackson, ltd.,  |c 1931. 
300 |a 18 pages :  |b illustrations ;  |c 23 cm. 
336 |a text  |b txt  |2 rdacontent 
337 |a unmediated  |b n  |2 rdamedia 
338 |a volume  |b nc  |2 rdacarrier 
650 0 |a Christmas poetry. 
700 1 |a Shepard, Ernest H.  |q (Ernest Howard),  |d 1879-1976. 
999 |a MARS 
999 f f |s 665f1aca-fc54-3155-a3a4-dc3ead052fad  |i a4f63606-b259-3387-b245-6151e60ca396  |t 0 
952 f f |p ric  |a Texas A&M University  |b Rellis Campus  |c Joint Library Facility  |d Remote Storage  |t 0  |e PR6007.R5 C5 1931  |h Library of Congress classification  |i unmediated -- volume  |m A14803994645 
998 f f |a PR6007.R5 C5 1931  |t 0  |l Remote Storage